[Event "Oceania zt 3.6 (Women)"]
[Site "Melbourne"]
[Date "2023.01.26"]
[Round "6"]
[White "Lu, Lillian"]
[Black "Xu, Luna Yuexiu"]
[Result "0-1"]
[WhiteElo "1689"]
[BlackElo "1446"]
[PlyCount "52"]
[EventDate "2023.01.09"]
[EventType "swiss"]
[EventRounds "9"]
[EventCountry "AUS"]
[SourceTitle "CBM 212 Extra"]
[Source "ChessBase"]
[SourceDate "2023.03.31"]
[SourceVersion "1"]
[SourceVersionDate "2023.03.31"]
[SourceQuality "1"]

1. e4 c5 2. Nf3 d6 3. Bb5+ Bd7 4. Bxd7+ Qxd7 5. c4 Nc6 6. Nc3 e6 7. d4 cxd4 8. Nxd4 Nf6 9. 0-0 Be7 10. Be3 0-0 11. f3 a6 12. a4 Ne5 13. Qe2 Rac8 14. b3 Nc6 15. Rfd1 Qc7 16. Rac1 Nd7 17. Kh1 Nc5 18. f4 Nxd4 19. Bxd4 Nxb3 20. Bxg7 Kxg7 21. Qb2 Bf6 22. Qxb3 Qxc4 23. Qb1 Bxc3 24. Rd3 Qb4 25. Rdxc3 Rxc3 26. Qa1 Rfc8 0-1

[Event "Oceania zt 3.6 (Women)"]
[Site "Melbourne"]
[Date "2023.01.24"]
[Round "3"]
[White "Zeng, Vera"]
[Black "Lu, Lillian"]
[Result "1/2-1/2"]
[WhiteElo "1527"]
[BlackElo "1689"]
[PlyCount "74"]
[EventDate "2023.01.09"]
[EventType "swiss"]
[EventRounds "9"]
[EventCountry "AUS"]
[SourceTitle "CBM 212 Extra"]
[Source "ChessBase"]
[SourceDate "2023.03.31"]
[SourceVersion "1"]
[SourceVersionDate "2023.03.31"]
[SourceQuality "1"]

1. d4 d5 2. c4 c6 3. cxd5 cxd5 4. Nc3 Nf6 5. Nf3 Nc6 6. Bf4 a6 7. e3 e6 8. Bd3 Be7 9. 0-0 b5 10. Rc1 Bb7 11. a3 b4 12. axb4 Nxb4 13. Na4 Bd6 14. Bxd6 Qxd6 15. Nc5 Bc6 16. Ne5 Nxd3 17. Nexd3 0-0 18. Qd2 Bb5 19. Ra1 Ne4 20. Qc2 Rfc8 21. b4 Qb6 22. Rfb1 a5 23. bxa5 Rxa5 24. Qb2 Nd6 25. Rxa5 Qxa5 26. Nb7 Nxb7 27. Qxb5 Qxb5 28. Rxb5 Nd6 29. Rc5 Kf8 30. Kf1 Rb8 31. Ke2 Rb7 32. Ra5 g6 33. Kf3 Kg7 34. Nc5 Re7 35. Nd3 Ne4 36. Ke2 Rc7 37. Nc5 Nd6 1/2-1/2

[Event "AUS-ch U18 Girls"]
[Site "Gold Coast"]
[Date "2020.01.23"]
[Round "3"]
[White "Lu, Lillian"]
[Black "Ahern, Sophia"]
[Result "1-0"]
[WhiteElo "1651"]
[BlackElo "734"]
[PlyCount "55"]
[EventDate "2020.01.22"]
[EventType "swiss"]
[EventRounds "9"]
[EventCountry "AUS"]
[SourceTitle "EXT 2021"]
[Source "ChessBase"]
[SourceDate "2020.10.23"]
[SourceVersion "1"]
[SourceVersionDate "2020.10.23"]
[SourceQuality "1"]

1. e4 e5 2. Nf3 Nc6 3. Bb5 d6 4. d4 Bd7 5. Nc3 Nxd4 6. Bxd7+ Qxd7 7. Nxd4 exd4 8. Qxd4 Nf6 9. f3 c5 10. Qd3 h6 11. Bf4 Be7 12. Rd1 Rd8 13. Nb5 d5 14. Nc7+ Kf8 15. Nxd5 Nh5 16. Be3 Qc8 17. 0-0 Nf6 18. c4 Qc6 19. Qc2 Nxd5 20. exd5 Qd6 21. Bf2 b6 22. Bg3 Qf6 23. Rfe1 g6 24. Be5 Qg5 25. Bxh8 Bd6 26. Qc3 Be7 27. d6 Ke8 28. Rxe7+ 1-0

[Event "Adelaide Lidums op"]
[Site "Adelaide"]
[Date "2019.12.13"]
[Round "9"]
[White "Lu, Lillian"]
[Black "Badrinarayan, Sankeertan"]
[Result "1-0"]
[WhiteElo "1689"]
[BlackElo "1900"]
[PlyCount "109"]
[EventDate "2019.12.07"]
[EventType "swiss"]
[EventRounds "9"]
[EventCountry "AUS"]
[SourceTitle "CBM 193 Extra"]
[Source "ChessBase"]
[SourceDate "2020.01.31"]
[SourceVersion "1"]
[SourceVersionDate "2020.01.31"]
[SourceQuality "1"]

1. e4 g6 2. d4 Bg7 3. Nc3 d6 4. Be3 Nd7 5. Bc4 Ngf6 6. f3 a6 7. a4 0-0 8. Qd2 e5 9. d5 Nh5 10. g4 Nf4 11. h4 f5 12. gxf5 gxf5 13. h5 Bh6 14. 0-0-0 Nc5 15. Kb1 Nxa4 16. Nxa4 b5 17. Bb3 bxa4 18. Bxa4 Bd7 19. Bb3 a5 20. Ne2 a4 21. Rdg1+ Kf7 22. Bc4 Nxe2 23. Bxh6 Nxg1 24. Bxf8 Nxf3 25. Qg2 Qg5 26. Qxf3 Rxf8 27. exf5 Ke7 28. Bd3 Qf4 29. f6+ Kxf6 30. Rf1 Qxf3 31. Rxf3+ Kg7 32. h6+ Kg8 33. Bxh7+ Kxh7 34. Rxf8 Kxh6 35. Rf7 Bb5 36. Rxc7 Kg5 37. Kc1 Kf4 38. Kd2 Ke4 39. c4 Be8 40. Kc3 Ke3 41. Rc8 Bh5 42. Rd8 Ke2 43. Rxd6 e4 44. Kd4 Bf3 45. c5 Kd2 46. c6 e3 47. Re6 e2 48. Kc5 Kc2 49. c7 Kxb2 50. c8Q a3 51. Qb8+ Kc2 52. Qe5 Kb1 53. Qf5+ Ka1 54. Qxf3 a2 55. Rxe2 1-0

[Event "Adelaide Lidums op"]
[Site "Adelaide"]
[Date "2019.12.08"]
[Round "3"]
[White "Lu, Lillian"]
[Black "Rahman, Raad"]
[Result "1-0"]
[WhiteElo "1689"]
[BlackElo "1619"]
[PlyCount "71"]
[EventDate "2019.12.07"]
[EventType "swiss"]
[EventRounds "9"]
[EventCountry "AUS"]
[SourceTitle "CBM 193 Extra"]
[Source "ChessBase"]
[SourceDate "2020.01.31"]
[SourceVersion "1"]
[SourceVersionDate "2020.01.31"]
[SourceQuality "1"]

1. e4 c5 2. c3 d6 3. d4 Nf6 4. Bd3 Nc6 5. Ne2 g6 6. Be3 c4 7. Bc2 Bg7 8. Nd2 b5 9. a4 bxa4 10. Bxa4 Bd7 11. f3 d5 12. Bb5 a6 13. Qa4 Qc7 14. e5 Nxe5 15. Bxd7+ Nexd7 16. Bf4 Qb6 17. 0-0 0-0 18. Rfb1 Qb5 19. b4 cxb3 20. Qxb5 axb5 21. Rxa8 Rxa8 22. Rxb3 Ra5 23. Rb4 Nh5 24. Be3 Nb6 25. Nb3 Ra2 26. Nec1 Rc2 27. Rxb5 Nc4 28. Rb8+ Bf8 29. Bh6 Ng7 30. Nc5 Nd6 31. Nd7 Nde8 32. Bxg7 Rxc1+ 33. Kf2 Kxg7 34. Rxe8 Rxc3 35. Rxf8 Rd3 36. Rxf7+ 1-0

[Event "Oceania zt 3.6"]
[Site "Auckland"]
[Date "2017.01.18"]
[Round "7"]
[White "Li, Rodney Xiang Rei"]
[Black "Lu, Lillian"]
[Result "1-0"]
[WhiteElo "1525"]
[BlackElo "1710"]
[PlyCount "117"]
[EventDate "2017.01.14"]
[EventType "swiss"]
[EventRounds "9"]
[EventCountry "NZL"]
[SourceTitle "EXT 2018"]
[Source "ChessBase"]
[SourceDate "2017.10.13"]
[SourceVersion "1"]
[SourceVersionDate "2017.10.13"]
[SourceQuality "1"]

1. e4 e6 2. d4 d5 3. exd5 exd5 4. c4 c6 5. Nc3 Nf6 6. Bg5 Be7 7. Nf3 0-0 8. h3 Re8 9. Be2 dxc4 10. Bxc4 b5 11. Be2 Be6 12. 0-0 Nbd7 13. a3 Nb6 14. Ne5 Rc8 15. Nxc6 Rxc6 16. Bxb5 Rd6 17. Bxe8 Rxd4 18. Bxf7+ Bxf7 19. Qc2 Bg6 20. Qe2 Qd7 21. Rfd1 Rxd1+ 22. Rxd1 Qc7 23. Rc1 Qb7 24. Nb5 Nbd5 25. Qe6+ Kf8 26. Qc8+ Qxc8 27. Rxc8+ Kf7 28. Nxa7 Bf5 29. Rc1 Ne4 30. Bxe7 Kxe7 31. Nc6+ Kd6 32. Nd4 Bd7 33. b4 Nec3 34. Kf1 Kc7 35. Ke1 Kb6 36. Kd2 Ne4+ 37. Ke2 Nec3+ 38. Kd3 Na4 39. Ke4 Nf6+ 40. Ke5 Ne8 41. Nf5 Nb2 42. Rc3 Bc6 43. g3 Bd7 44. h4 Na4 45. Rc2 g6 46. Nd6 Nc7 47. Nc4+ Kb7 48. Na5+ Kb6 49. Kd6 Bg4 50. Rxc7 h5 51. Rb7+ Ka6 52. Kc7 Bf3 53. Nc6 Bxc6 54. Kxc6 Nc3 55. b5+ Nxb5 56. Rxb5 Ka7 57. Kc7 Ka6 58. Rg5 Ka7 59. Ra5# 1-0

[Event "NZL-ch op 124th"]
[Site "Wellington"]
[Date "2017.01.03"]
[Round "3"]
[White "Timergazi, Layla"]
[Black "Lu, Lillian"]
[Result "1-0"]
[WhiteElo "2069"]
[BlackElo "1710"]
[PlyCount "57"]
[EventDate "2017.01.01"]
[EventType "swiss"]
[EventRounds "9"]
[EventCountry "NZL"]
[SourceTitle "CBM 176 Extra"]
[Source "ChessBase"]
[SourceDate "2017.03.02"]
[SourceVersion "1"]
[SourceVersionDate "2017.03.02"]
[SourceQuality "1"]

1. d4 d5 2. c4 e6 3. Nc3 Nf6 4. e3 Be7 5. Nf3 0-0 6. Be2 b6 7. 0-0 dxc4 8. Bxc4 a6 9. b3 Bb7 10. Bb2 Nbd7 11. Qe2 b5 12. Bd3 c5 13. Rfd1 Qb6 14. Rac1 Rac8 15. Bb1 Rfd8 16. Ne5 Nxe5 17. dxe5 Nd7 18. Ne4 Nf8 19. h4 Rd5 20. h5 h6 21. Qg4 Kh8 22. Qf4 Qd8 23. Rxd5 exd5 24. Rd1 Qe8 25. Nf6 Bxf6 26. exf6 Ne6 27. fxg7+ Kg8 28. Qxh6 Nxg7 29. Qxg7# 1-0

[Event "Adelaide Lidums YM"]
[Site "Adelaide"]
[Date "2016.12.08"]
[Round "8"]
[White "Liu, Ethan"]
[Black "Lu, Lillian"]
[Result "0-1"]
[WhiteElo "942"]
[BlackElo "1672"]
[PlyCount "100"]
[EventDate "2016.12.05"]
[EventType "tourn"]
[EventRounds "9"]
[EventCountry "AUS"]
[SourceTitle "CBM 176 Extra"]
[Source "ChessBase"]
[SourceDate "2017.03.02"]
[SourceVersion "1"]
[SourceVersionDate "2017.03.02"]
[SourceQuality "1"]

1. e4 e6 2. d4 d5 3. Nd2 Nf6 4. e5 Nfd7 5. Ngf3 c5 6. c3 Nc6 7. Nb3 Qb6 8. Be2 Be7 9. 0-0 0-0 10. Qc2 cxd4 11. cxd4 h6 12. Be3 Rd8 13. a3 a5 14. Rfd1 a4 15. Nbd2 Na5 16. h3 Qc6 17. Rac1 Nb8 18. Qxc6 bxc6 19. Re1 Ba6 20. Bd1 Bb5 21. Be2 Bxe2 22. Rxe2 Nd7 23. Ree1 Rab8 24. Rb1 Rb7 25. Nf1 Rdb8 26. Bd2 Nc4 27. Bc3 Bxa3 28. N1d2 Nxd2 29. Nxd2 Bxb2 30. Bxb2 Rxb2 31. Rbd1 a3 32. Nb1 a2 33. Nc3 Rc2 34. Na4 Rb4 35. Nc5 Nxc5 36. dxc5 Rxc5 37. Ra1 Ra5 38. Kh2 Rb2 39. f3 Rab5 40. Re3 Ra5 41. Ree1 c5 42. Kg3 c4 43. Red1 c3 44. Re1 c2 45. Kg4 Rb1 46. Kg3 Rxe1 47. Rxe1 a1Q 48. Rxa1 Rxa1 49. Kg4 c1Q 50. Kh4 Qg5# 0-1

[Event "Adelaide Lidums YM"]
[Site "Adelaide"]
[Date "2016.12.07"]
[Round "6"]
[White "Lu, Lillian"]
[Black "Herrmann, Oscar"]
[Result "0-1"]
[WhiteElo "1672"]
[BlackElo "1758"]
[PlyCount "142"]
[EventDate "2016.12.05"]
[EventType "tourn"]
[EventRounds "9"]
[EventCountry "AUS"]
[SourceTitle "CBM 176 Extra"]
[Source "ChessBase"]
[SourceDate "2017.03.02"]
[SourceVersion "1"]
[SourceVersionDate "2017.03.02"]
[SourceQuality "1"]

1. e4 e6 2. d4 d5 3. exd5 exd5 4. Bd3 Nc6 5. c3 Bd6 6. h3 Nge7 7. Qf3 0-0 8. Ne2 Be6 9. Bf4 a6 10. 0-0 Ng6 11. Bxd6 Qxd6 12. Nd2 Nce7 13. Qh5 Rfe8 14. f4 Nf8 15. f5 g6 16. Qg5 Bxf5 17. Bxf5 f6 18. Qf4 Nxf5 19. Qxd6 Nxd6 20. Rf2 Re7 21. Nf4 c6 22. Nd3 Kg7 23. Raf1 Nd7 24. Nc5 Rf8 25. Nxd7 Rxd7 26. Re1 Re8 27. Rfe2 Kf7 28. Kf2 Rde7 29. Rxe7+ Rxe7 30. Rxe7+ Kxe7 31. Kf3 Ke6 32. Nb3 b6 33. Nc1 Ne4 34. Nd3 a5 35. Nf4+ Kf7 36. Ke3 Nd6 37. Nd3 Nc4+ 38. Kf4 h6 39. g4 Ke6 40. h4 Nd6 41. Nf2 Nc4 42. Nd3 Nd6 43. Nf2 c5 44. dxc5 bxc5 45. g5 hxg5+ 46. hxg5 fxg5+ 47. Kxg5 Ne4+ 48. Nxe4 dxe4 49. Kf4 Kd5 50. Ke3 g5 51. b3 Ke5 52. a3 g4 53. b4 cxb4 54. axb4 axb4 55. cxb4 g3 56. b5 Kd5 57. b6 Kc6 58. Ke2 Kxb6 59. Ke3 Kc5 60. Ke2 Kd4 61. Ke1 e3 62. Kf1 Kd3 63. Kg1 e2 64. Kg2 Kd2 65. Kxg3 e1Q+ 66. Kf4 Qe6 67. Kg5 Qf7 68. Kh6 Qg8 69. Kh5 Ke3 70. Kh4 Kf4 71. Kh5 Qg5# 0-1

[Event "Oceania zt (Women)"]
[Site "Cammeray"]
[Date "2015.07.08"]
[Round "7"]
[White "Christian, Kashish"]
[Black "Lu, Lillian"]
[Result "1/2-1/2"]
[WhiteElo "1702"]
[BlackElo "1328"]
[PlyCount "82"]
[EventDate "2015.07.04"]
[EventType "swiss"]
[EventRounds "9"]
[EventCountry "AUS"]
[SourceTitle "CBM 167 Extra"]
[Source "ChessBase"]
[SourceDate "2015.09.14"]
[SourceVersion "1"]
[SourceVersionDate "2015.09.14"]
[SourceQuality "1"]

1. e4 e6 2. d4 d5 3. e5 c5 4. c3 Nc6 5. Nf3 Qb6 6. a3 Nge7 7. b4 cxd4 8. cxd4 Nf5 9. Be3 Bd7 10. Nc3 Rc8 11. Na4 Qd8 12. Bd3 Nxe3 13. fxe3 g6 14. 0-0 Bg7 15. Nc5 Rc7 16. Qe1 0-0 17. Qg3 b6 18. Nb3 Qe7 19. Ng5 Bh6 20. Rf6 Nb8 21. Raf1 Bxg5 22. Qxg5 Ba4 23. Nc1 Rfc8 24. Ne2 Qd8 25. h4 Rb7 26. Qg3 Bc2 27. Bxc2 Rxc2 28. Qg5 Qe8 29. Ng3 Qc8 30. e4 dxe4 31. Nxe4 Qc4 32. Nd6 Qxd4+ 33. Kh2 h6 34. Rxg6+ fxg6 35. Qxg6+ Rg7 36. Qxe6+ Kh7 37. Qf5+ Kh8 38. Qf8+ Kh7 39. Qf5+ Kh8 40. Qf8+ Kh7 41. Qf5+ Kh8 1/2-1/2

[Event "AUS-ch U14 Girls"]
[Site "Wahroonga"]
[Date "2014.01.15"]
[Round "1"]
[White "Lu, Lillian"]
[Black "Chew Lee, Alanna"]
[Result "0-1"]
[WhiteElo "1309"]
[BlackElo "1533"]
[PlyCount "128"]
[EventDate "2014.01.11"]
[EventType "swiss"]
[EventRounds "9"]
[EventCountry "AUS"]
[SourceTitle "EXT 2020"]
[Source "ChessBase"]
[SourceDate "2019.10.17"]
[SourceVersion "1"]
[SourceVersionDate "2019.10.17"]
[SourceQuality "1"]

1. e4 e5 2. Nf3 Nc6 3. Bc4 Bc5 4. c3 Nf6 5. d4 exd4 6. cxd4 Bb4+ 7. Bd2 0-0 8. e5 Bxd2+ 9. Nbxd2 Ne8 10. d5 Ne7 11. 0-0 d6 12. e6 fxe6 13. dxe6 d5 14. Nb3 Bxe6 15. Nc5 Bc8 16. Ng5 Qd6 17. Nge4 Qc6 18. Bb3 Kh8 19. Rc1 Qg6 20. Bxd5 c6 21. Bb3 b6 22. Nd7 Bxd7 23. Qxd7 Qxe4 24. Rfe1 Qh4 25. g3 Qf6 26. Qxe7 Qxf2+ 27. Kh1 Nf6 28. Rf1 Qxb2 29. Rxc6 Rae8 30. Rc2 Rxe7 31. Rxb2 Nd7 32. Rxf8+ Nxf8 33. Rf2 Nd7 34. Rf7 Rxf7 35. Bxf7 g5 36. Kg2 Kg7 37. Bc4 h6 38. Be2 Nc5 39. Kh3 Ne4 40. Kg4 Nc3 41. Bc4 b5 42. Bb3 a5 43. Kf3 b4 44. Ke3 a4 45. Bc4 Nxa2 46. Bxa2 b3 47. Bxb3 axb3 48. Kd2 Kf6 49. Kc3 Kf5 50. Kxb3 Kg4 51. Kc2 Kh3 52. Kd2 Kxh2 53. Ke2 Kxg3 54. Kf1 g4 55. Kg1 h5 56. Kh1 Kf2 57. Kh2 g3+ 58. Kh3 g2 59. Kh4 g1Q 60. Kxh5 Kf3 61. Kh6 Kf4 62. Kh7 Kf5 63. Kh8 Kf6 64. Kh7 Qg7# 0-1